تنمية المجتمعات المحلية : (رقم التسجيلة. 80097)

تفاصيل مارك
000 -الفاتح
عناصر البيانات ثابتة الطول 00732cam a2200181 i 4500
005 - تاريخ ووقت آخر معاملة
حقل ضبط 20260127113051.0
008 - عناصر البيانات ثابتة الطول
عناصر البيانات ثابتة الطول 250721s9999 ua gr 000 0 ara d
082 14 - رقم تصنيف ديوي العشري
رقم التصنيف 307.14
رقم المادة خ ا ط
100 1# - مدخل رئيسي – اسم شخصي
الاسم الشخصي خاطر، أحمد مصطفى
علاقة الشخص بالعمل/ دوره مؤلف.
245 10 - بيان العنوان
العنوان تنمية المجتمعات المحلية :
بقية العنوان نموذج المشاركة في إطار شفافة المجتمع /
بيان المسؤولية أ.د أحمد مصطفى خاطر.
264 31 - بيانات النشر، التوزيع…إلخ
مكان النشر، التوزيع...إلخ الإسكندرية :
اسم الناشر، الموزع...إلخ المكتب الجامعي الحديث،
تاريخ النشر، التوزيع...إلخ 1998.
300 ## - الوصف المادي
عدد الوحدات المكونة للوعاء 273 صفحة.
650 17 - مدخل إضافي بالموضوع - مصطلح موضوعي
مصطلح موضوعي أو اسم جغرافي كعنصر مدخل تنمية المجتمع.
650 17 - مدخل إضافي بالموضوع - مصطلح موضوعي
مصطلح موضوعي أو اسم جغرافي كعنصر مدخل التنمية الإجتماعية.
650 17 - مدخل إضافي بالموضوع - مصطلح موضوعي
مصطلح موضوعي أو اسم جغرافي كعنصر مدخل تنظيم المجتمعات.
942 ## - بيانات إضافية (كوها)
نوع التنصيف Dewey Decimal Classification
نوع المادة (كوها) كتب
المقتنيات
حالة السحب حالة الفقدان مصدر التصنيف حالة التلف غير قابل للإعارة المكتبة الرئيسية المكتبة الحالية موقع الرف تاريخ التزويد الرقم المتسلسل Total Checkouts رقم الإستدعاء الباركود تاريخ آخر ظهور تاريخ الفاتورة نوع المادة (كوها)
    Dewey Decimal Classification     المكتبة المركزية المكتبة المركزية الإعارة 28/07/2025 380113   307.14 / خ ا ط 380113 28/07/2025 28/07/2025 كتب
    Dewey Decimal Classification     مكتبة صويلح العامة مكتبة صويلح العامة الإعارة 14/03/2016 380114   307.14/خاط PLD00379719 28/07/2025 14/03/2016 كتب
Implemented & Customized by: BBB with SCIT (Smart Chains for Information Technology)

Powered by Koha